000 01569nam a2200373 a 4500
001 ebr10575521
003 CaPaEBR
006 m u
007 cr cn|||||||||
008 760423s1976 ne a sb 101 0 eng d
010 _z 76015417
020 _z0444152091 (American Elsevier)
020 _z9021940485 (Excerpta Medica)
020 _z9780470663356
020 _z9780470717936 (e-book)
040 _aCaPaEBR
_cCaPaEBR
035 _a(OCoLC)802051698
043 _ae-uk---
050 1 4 _aRA395.G6
_bS93 1975eb
082 0 4 _a362.1/0941
111 2 _aSymposium on UK Health Needs in a Changing Setting
_d(1975 :
_cCIBA Foundation)
245 1 0 _aHealth care in a changing setting
_h[electronic resource] :
_bthe UK experience.
260 _aAmsterdam :
_bElsevier/Excerpta Medica/North-Holland ;
_aNew York :
_bAmerican Elsevier,
_c1976.
300 _aviii, 188 p. :
_bill.
490 1 _aCiba Foundation symposium ;
_v43 (new ser.)
504 _aIncludes bibliographical references and indexes.
533 _aElectronic reproduction.
_bPalo Alto, Calif. :
_cebrary,
_d2013.
_nAvailable via World Wide Web.
_nAccess may be limited to ebrary affiliated libraries.
650 0 _aMedical care
_zGreat Britain
_vCongresses.
650 0 _aNational health services
_zGreat Britain
_vCongresses.
655 7 _aElectronic books.
_2local
710 2 _aebrary, Inc.
830 0 _aCiba Foundation symposium ;
_vnew ser. 43.
856 4 0 _uhttp://site.ebrary.com/lib/rucke/Doc?id=10575521
_zAn electronic book accessible through the World Wide Web; click to view
999 _c78167
_d78167